Countries Directly Across the Ocean from U.S. Shores - Statistics

General Stats
  • This quiz has been taken 57 times
  • The average score is 6 of 7
Answer Stats
Ocean Country % Correct
Pacific China
96%
Pacific Japan
96%
Atlantic Portugal
94%
Atlantic Spain
94%
Atlantic Morocco
92%
Pacific Russia
92%
Atlantic Algeria
67%
No matching quizzes found
Score Distribution
Percent of People with Each Score
Percentile by Number Answered
Your Score History
You have not taken this quiz